ბათუმის შოთა რუსთაველის სახელმწიფო უნივერსიტეტის ბიბლიოთეკა

მატემატიკა : II ნაწილი. გეომეტრია(თეორია და ამოცანები) : სახელმძღვ. / (ბიბ.ჩანაწერი № 37554)

000 -ლიდერი
ფიქსირებული სიგრძის საკონტროლო ველი 01102nam a2200241Ia 4500
001 - საკონტროლო ნომერი
საკონტროლო ველი 3520
003 - საკონტროლო ნომრის იდენტიფიკატორი
საკონტროლო ველი GE_BSU
005 - ბოლო ოპერაციის თარიღი და დრო
საკონტროლო ველი 20190530195816.0
008 - ფიქსირებული სიგრძის მონაცემთა ელემენტები - ზოგადი ინფორმაცია
ფიქსირებული სიგრძის საკონტროლო ველი 181216s1985||||ge |||||||||||||| ||geo||
040 ## - კატალოგიზაციის წყარო
Transcribing agency GE_BSU
041 ## - ენის კოდი
Language code of text/sound track or separate title geo
080 ## - უნივერსალური ათობითი კლასიფიკაციის ინდექსი
Universal Decimal Classification number 51(075.4)+514(075.4) მ-15
245 ## - ცნობა სათაურის შესახებ
Title მატემატიკა : II ნაწილი. გეომეტრია(თეორია და ამოცანები) : სახელმძღვ. /
Statement of responsibility, etc ს. თოფურია ; გ. აბესაძე ; გ. ოზბეგაშვილი ; და სხვ. რედ : დ. ავაზაშვილი.
264 ## - წარმოების, გამოცემის, დისტრიბუციის და სხვა ცნობები
გამოცემის, წარმოების, დისტრიბუციის... ადგილი თბილისი :
გამოცემის, წარმოების, დისტრიბუციის... სახელწოდება განათლება,
გამოცემის, წარმოების, დისტრიბუციის... თარიღი 1985.
300 ## - ფიზიკური აღწერა
Extent 440 გვ .:
Dimensions 22 სმ.
653 ## - INDEX TERM--UNCONTROLLED
Uncontrolled term მათემატიკა
653 ## - INDEX TERM--UNCONTROLLED
Uncontrolled term გეომეტრია
700 ## - ADDED ENTRY--PERSONAL NAME
Personal name თოფურია, ს
9 (RLIN) 1489
700 ## - ADDED ENTRY--PERSONAL NAME
Personal name აბესაძე, გ
9 (RLIN) 1415
700 ## - ADDED ENTRY--PERSONAL NAME
Personal name ოზბეგაშვილი, გ
9 (RLIN) 1416
700 ## - ADDED ENTRY--PERSONAL NAME
Personal name ავაზაშვილი, დ
Relator term რედაქტორი
9 (RLIN) 1638
942 ## - ADDED ENTRY ELEMENTS (KOHA)
Koha item type წიგნი
Source of classification or shelving scheme
ეგზემპლარები
ჩამოწერის სტატუსი დაკარგული ეგზემპლარის სტატუსი კლასიფიკაციის წყარო ან თაროზე გაწყობის სქემა დაზიანების სტატუსი არ გაიცემა მუდმივი მდებარეობა (დაცვის ადგილი) ამჟამინდელი ადგილსამყოფელი თაროზე განთავსების ადგილი შეძენის თარიღი ღირებულება, შესყიდვის ნორმალური ფასი სრული შენახვის შიფრი შტრიხკოდი ბოლო ოპერაციის თარიღი ეგზემპლარის მიმდევრობითი ნომერი (კეტერი?) ფასის ძალაში შესვლის თარიღი ეგზემპლარის სახეობა საჯარო შენიშვნა
          ტექნოლოგიური ფაკულტეტის ბიბლიოთეკა ტექნოლოგიური ფაკულტეტის ბიბლიოთეკა წიგნსაცავი 2018-12-17 2.00 51(075.4)+514(075.4) მ-15 9910 2018-12-17 9910 2018-12-17 წიგნი 2 ლ. 20 თ.
          ტექნოლოგიური ფაკულტეტის ბიბლიოთეკა ტექნოლოგიური ფაკულტეტის ბიბლიოთეკა წიგნსაცავი 2018-12-17 2.00 51(075.4)+514(075.4) მ-15 9911 2018-12-17 9911 2018-12-17 წიგნი 2 ლ. 20 თ.
          ტექნოლოგიური ფაკულტეტის ბიბლიოთეკა ტექნოლოგიური ფაკულტეტის ბიბლიოთეკა წიგნსაცავი 2018-12-17 2.00 51(075.4)+514(075.4) მ-15 9912 2018-12-17 9912 2018-12-17 წიგნი 2 ლ. 20 თ.